[Event "Hillerod CC-ch Gr1"]
[Site "Hillerod"]
[Date "2020.02.18"]
[Round "4"]
[White "Nielskov, Freddy"]
[Black "Nygaard, Soren"]
[Result "1-0"]
[WhiteElo "1681"]
[BlackElo "1719"]
[PlyCount "135"]
[EventDate "2019.12.10"]
[EventType "tourn"]
[EventRounds "7"]
[EventCountry "DEN"]
[SourceTitle "EXT 2021"]
[Source "ChessBase"]
[SourceDate "2020.10.23"]
[SourceVersion "1"]
[SourceVersionDate "2020.10.23"]
[SourceQuality "1"]

1. e4 c5 2. Nf3 Nc6 3. Bb5 Nf6 4. Nc3 g6 5. 0-0 Bg7 6. Re1 0-0 7. d3 a6 8. Bxc6 dxc6 9. h3 Nd7 10. Bg5 f6 11. Bf4 e5 12. Be3 Qe7 13. Na4 b5 14. Nc3 Rf7 15. Qd2 Nf8 16. Nh2 Ne6 17. Ne2 Bb7 18. b3 Rd8 19. f4 exf4 20. Nxf4 f5 21. Nxe6 Qxe6 22. Rad1 fxe4 23. Bxc5 Bd4+ 24. Bxd4 Rxd4 25. Nf3 Rxf3 26. gxf3 Qxh3 27. fxe4 c5 28. Qf4 Rd8 29. Re3 Qe6 30. Rf1 h5 31. Ref3 Rd7 32. Qg5 Kg7 33. Rf6 Qg4+ 34. Qxg4 hxg4 35. R6f4 c4 36. dxc4 bxc4 37. Rxg4 cxb3 38. cxb3 Bc6 39. Rf2 Rd1+ 40. Kg2 Rd4 41. Kf3 a5 42. Rc2 Bd7 43. Ke3 Rd1 44. Rc7 Kf6 45. Rf4+ Ke6 46. Rc5 a4 47. b4 Rb1 48. Rc4 Rb2 49. Rf2 a3 50. Rc3 Rxb4 51. Rxa3 Bc6 52. Rf4 g5 53. Rg4 Kf6 54. Ra6 Rc4 55. Ra5 Rc3+ 56. Kd4 Rf3 57. Raxg5 Be8 58. Ra5 Bf7 59. Ra6+ Be6 60. a4 Ra3 61. Rh4 Kg5 62. Rh1 Bd7 63. Rg1+ Bg4 64. a5 Ra4+ 65. Ke5 Kh4 66. Ra8 Ra3 67. Rh8+ Bh5 68. Rh1+ 1-0

[Event "Hillerod Byturnering C"]
[Site "Hillerod"]
[Date "2019.05.28"]
[Round "5"]
[White "Nygaard, Soren"]
[Black "Nielskov, Freddy"]
[Result "0-1"]
[WhiteElo "1708"]
[BlackElo "1637"]
[PlyCount "78"]
[EventDate "2019.04.23"]
[EventType "tourn"]
[EventRounds "7"]
[EventCountry "DEN"]
[SourceTitle "EXT 2024"]
[Source "ChessBase"]
[SourceDate "2023.10.10"]
[SourceVersion "1"]
[SourceVersionDate "2023.10.10"]
[SourceQuality "1"]

1. d4 Nf6 2. c4 e6 3. Nc3 b6 4. Nf3 Bb7 5. g3 Bb4 6. Bd2 d5 7. cxd5 Nxd5 8. Bg2 Nxc3 9. bxc3 Be7 10. 0-0 Nd7 11. a4 a5 12. Qc2 Rb8 13. e4 f6 14. Rfd1 Bd6 15. Be3 0-0 16. Nd2 e5 17. Nc4 Qe7 18. Qa2 Kh8 19. Rac1 Ba6 20. Nxd6 cxd6 21. d5 Rfc8 22. c4 Nc5 23. f3 Qd7 24. Bxc5 bxc5 25. Rb1 Rb4 26. Rxb4 cxb4 27. Rc1 Qa7+ 28. Qf2 Qxf2+ 29. Kxf2 Rxc4 30. Rb1 Rc2+ 31. Kg1 Ra2 32. Rc1 b3 33. Rc6 b2 34. Rxa6 b1Q+ 35. Bf1 Qb8 36. Bb5 Qc8 37. Bf1 Ra1 38. Rxa5 h6 39. g4 Qc1 0-1

[Event "Hillerod CC-ch C"]
[Site "Hillerod"]
[Date "2019.04.02"]
[Round "6"]
[White "Eldor, Finn"]
[Black "Nielskov, Freddy"]
[Result "0-1"]
[WhiteElo "1342"]
[BlackElo "1606"]
[PlyCount "72"]
[EventDate "2019.01.08"]
[EventType "tourn"]
[EventRounds "7"]
[EventCountry "DEN"]
[SourceTitle "EXT 2024"]
[Source "ChessBase"]
[SourceDate "2023.10.10"]
[SourceVersion "1"]
[SourceVersionDate "2023.10.10"]
[SourceQuality "1"]

1. e4 e5 2. Nf3 Nc6 3. Bb5 a6 4. Ba4 Nf6 5. 0-0 d6 6. d3 b5 7. Bb3 Bg4 8. c3 Na5 9. Bc2 c5 10. Be3 Nc6 11. Nbd2 a5 12. Qc1 Rc8 13. Ne1 Be2 14. f4 Bxf1 15. Nxf1 exf4 16. Bxf4 Be7 17. Ng3 Ne5 18. Nf5 g6 19. Nxe7 Qxe7 20. Bg5 Ned7 21. Qf4 Nh5 22. Qd2 f6 23. Bh6 g5 24. Nf3 Rg8 25. e5 dxe5 26. d4 cxd4 27. Re1 dxc3 28. bxc3 Qc5+ 29. Kf1 Qxc3 30. Qd5 Qc4+ 31. Qxc4 bxc4 32. Bxh7 Rh8 33. Bg6+ Ke7 34. Bxg5 fxg5 35. Nxe5 Nxe5 36. Rxe5+ Kf6 0-1

[Event "Hillerod CC-ch C"]
[Site "Hillerod"]
[Date "2019.02.25"]
[Round "4"]
[White "Sorensen, Bernhard"]
[Black "Nielskov, Freddy"]
[Result "1/2-1/2"]
[WhiteElo "1576"]
[BlackElo "1606"]
[PlyCount "106"]
[EventDate "2019.01.08"]
[EventType "tourn"]
[EventRounds "7"]
[EventCountry "DEN"]
[SourceTitle "EXT 2024"]
[Source "ChessBase"]
[SourceDate "2023.10.10"]
[SourceVersion "1"]
[SourceVersionDate "2023.10.10"]
[SourceQuality "1"]

1. d4 Nf6 2. Bf4 e6 3. e3 b6 4. Nf3 Bb7 5. Bd3 c5 6. c3 Nh5 7. Bg5 Be7 8. Bxe7 Qxe7 9. 0-0 0-0 10. Nbd2 d6 11. Re1 Nf6 12. e4 e5 13. d5 Ba6 14. c4 h6 15. Nh4 Bc8 16. Nf5 Bxf5 17. exf5 Nh7 18. Ne4 Nd7 19. Re3 Ndf6 20. Rg3 Nxe4 21. Bxe4 Ng5 22. Qg4 f6 23. Re1 Nxe4 24. Rxe4 Rab8 25. Qg6 Kh8 26. Rh3 Qf7 27. Qg3 b5 28. b3 bxc4 29. Rxc4 Qxd5 30. Qd3 Qxd3 31. Rxd3 Rfd8 32. Ra4 Rd7 33. Rc4 Rbb7 34. Rd5 Kg8 35. f4 Kf7 36. fxe5 fxe5 37. Kf2 Ke7 38. Rg4 Ke8 39. Rg6 Rb6 40. Re6+ Kd8 41. Rg6 Kc7 42. Ke3 Rb4 43. g3 Rd4 44. Rxd4 cxd4+ 45. Kd3 Rf7 46. f6 Rxf6 47. Rxg7+ Kb6 48. Rh7 d5 49. Rd7 Rf3+ 50. Ke2 Re3+ 51. Kd2 e4 52. Rxd5 Rd3+ 53. Ke2 Re3+ 1/2-1/2